Velichathinte poralikal(വെളിച്ചത്തിൻെറ പോരാളികൾ) (Record no. 115299)

MARC details
000 -LEADER
fixed length control field 00530 a2200181 4500
005 - DATE AND TIME OF LATEST TRANSACTION
control field 20260422114121.0
008 - FIXED-LENGTH DATA ELEMENTS--GENERAL INFORMATION
fixed length control field 260422b |||||||| |||| 00| 0 eng d
020 ## - INTERNATIONAL STANDARD BOOK NUMBER
International Standard Book Number 9788126418213
080 ## - UNIVERSAL DECIMAL CLASSIFICATION NUMBER
Universal Decimal Classification number FM
Item number COE/VE
100 ## - MAIN ENTRY--PERSONAL NAME
Personal name Paulo Coelho
245 ## - TITLE STATEMENT
Title Velichathinte poralikal(വെളിച്ചത്തിൻെറ പോരാളികൾ)
250 ## - EDITION STATEMENT
Edition statement 8th ed.
260 ## - PUBLICATION, DISTRIBUTION, ETC. (IMPRINT)
Name of publisher, distributor, etc D C books
Place of publication, distribution, etc Kottayam
Date of publication, distribution, etc 2023
300 ## - PHYSICAL DESCRIPTION
Extent 280p.
653 ## - INDEX TERM--UNCONTROLLED
Uncontrolled term Fiction-Novel-Malayalam Literature
700 ## - ADDED ENTRY--PERSONAL NAME
Personal name Philip M Prasad;tr.by
942 ## - ADDED ENTRY ELEMENTS (KOHA)
item type Books
Holdings
Lost status Source of classification or shelving scheme Not for loan Home library Current library Date acquired Cost, normal purchase price Total Checkouts Full call number Barcode Date last seen Cost, replacement price Price effective from Koha item type Public note
  Universal Decimal Classification Not For Loan University Library University Library 02/03/2026 226.68   FM COE/VE 00097379 02/03/2026 340.00 02/03/2026 Books Processing
University Library, CUSAT